[Event "Chinese-ch Women 2020"]
[Site "Xinghua"]
[Date "2020.12.22"]
[Round "4.2"]
[White "Tan, Zhongyi"]
[Black "Ning, Kaiyu"]
[Result "1-0"]
[WhiteElo "2510"]
[BlackElo "2327"]
[Annotator "TA"]
[PlyCount "105"]
[EventDate "2020.12.19"]
[EventType "tourn"]
[EventCountry "CHN"]
[SourceTitle "playchess.com"]
[Source "ChessBase"]
[SourceQuality "1"]

{[%evp 10,105,6,0,-4,-14,-12,-14,-14,-26,-26,-45,-33,-42,-53,-51,-40,-41,-45,-54,-38,-29,0,-100,-110,-101,-101,-105,-102,-188,-102,-230,-184,-277,-275,-268,-238,-394,-370,-346,-265,-302,-217,-206,-22,-66,0,0,0,0,0,0,0,0,0,0,0,0,0,0,106,131,104,120,159,157,148,146,155,149,143,150,204,211,309,158,362,328,328,322,291,239,175,122,108,50,42,0,128,128,29978,29977,29996,29997,29997,29998,29998,29999]} 1. d4 d5 2. c4 e6 3. Nf3 Nf6 4. g3 Bb4+ 5. Nbd2 dxc4 6. Bg2 b5 {E04: Open Catalan: 5 Nf3.} 7. O-O a5 8. a4 c6 {The position is equal.} 9. Qc2 O-O 10. e4 h6 11. e5 Nd5 12. Ne4 {[#]} Be7 $146 ({Predecessor:} 12... Ra7 13. Bd2 Na6 14. Rfd1 Qb6 15. Qc1 Bxd2 16. Qxd2 Nab4 17. Bf1 Ba6 18. g4 f5 19. exf6 Nxf6 20. Nxf6+ Rxf6 {½-½ (41) Vinchev,S (2382)-Murden,C (2434) ICCF email 2012}) 13. g4 Na6 14. g5 Nab4 15. Qd1 h5 16. Ne1 (16. Nh4 $11 {keeps the balance.} g6 17. Nf6+ Kg7 18. Be4) 16... g6 $17 17. Nf6+ Kg7 $1 (17... Bxf6 18. gxf6 bxa4 19. Qd2 $16) 18. Be4 bxa4 (18... Bxf6 $2 19. gxf6+ Kg8 20. Qd2 $18) 19. Ra3 (19. Rxa4 $17 {is a better defense.} c3 20. Nf3) 19... Nd3 (19... Bxf6 20. gxf6+ Kg8 21. Rf3 $18) (19... Ba6 $19 20. f4 Nd3 21. Rxa4 Nb6) 20. Bxd3 (20. Rxa4 $17 Nxc1 21. Qxc1) 20... Bxa3 21. Bxg6 (21. Bxc4 $142 Bb4 22. Qxa4) 21... fxg6 $19 22. bxa3 Ba6 23. Nf3 $2 (23. Ng2) 23... Qb6 24. Nh4 {next Nxg6! is good for White.} Ne7 (24... Nxf6 $2 25. exf6+ (25. gxf6+ Kf7 $16) 25... Kf7 26. Nxg6 $1 $18 {[%mdl 512]}) 25. Be3 Qb3 {White must now prevent ...c3.} 26. Qf3 Rf7 $2 (26... Qxa3 27. Nxg6 $1 {[%mdl 512]} Nxg6 28. Nxh5+ Kg8 29. Nf6+ Rxf6 30. gxf6 $17) ({Better is} 26... c3 $1 $19 27. Nxg6 {[%mdl 64] Remove Defender} Nxg6) 27. d5 cxd5 (27... Nxd5 $15 28. Nxg6 Qd3) 28. Nxg6 $1 $11 {[%mdl 64] Remove Defender} Nxg6 29. Qxh5 {[%csl Ge3,Gg5][%cal Rh5h6]} Rh8 {[#]} 30. Ne8+ $1 {[%mdl 512]} Rxe8 (30... Kf8 $2 31. Qxg6 Kxe8 32. Qxe6+ Kf8 33. g6 $18) 31. Qh6+ Kg8 32. Qxg6+ Kf8 33. Bc5+ {[#]} Ree7 $1 34. Qxe6 {[%mdl 64] Pin} (34. Bxe7+ Kxe7) 34... Qf3 (34... Qb7 $11) 35. g6 $1 $16 {[%cal Rg6f7]} Kg7 (35... Rg7 $2 36. Rb1 $18) 36. Bxe7 Rf5 37. Bf6+ $1 $40 {[%mdl 128] Black is in trouble.} (37. Qxa6 Qg4+ 38. Kh1 Qf3+ 39. Kg1 Qg4+ 40. Kh1 Qf3+ 41. Kg1 $11) 37... Kh6 38. Bh4 (38. Qxa6 $6 Rf4 $11) 38... Qg4+ 39. Bg3 Qxg6 40. Qxd5 {Strongly threatening Rd1.} Kh7 {[#]} (40... c3 $16) 41. Rd1 $1 $18 {Qd7+ is the strong threat.} (41. Qxa5 $6 Qc6 $14) 41... Rf7 (41... Bc8 $142 42. Qxc4 {[%mdl 64] Double Attack} Be6) 42. Qd4 (42. Qxa5 Bb7 $14) (42. e6 $18 Re7 43. Qc5 (43. Qxa5 Bc8 $16) 43... Qxe6 44. Qh5+ (44. Qxa5 Bb7 $11) 44... Kg7 45. Rd4 (45. Qxa5 Bb7 $14) 45... Qe1+ 46. Kg2 Bb7+ 47. f3 Qe2+ 48. Bf2) 42... Qf5 $2 (42... Rg7 $16 43. f3 Bb7) 43. Qh4+ Kg7 44. e6 Qxe6 45. Qg5+ Qg6 46. Qxa5 ({White should try} 46. Qe5+ $18 Kg8 47. h3 (47. Rd8+ Rf8 $16)) 46... Kh7 $16 47. Qd8 (47. Qxa4 $16 Rc7 48. Qa5) 47... Qe4 $14 48. Qa5 {Threatening mate with Qh5+.} Qf3 {[#]} ({Stronger than} 48... Bb7 49. Qh5+ Kg7 50. Be5+ Qxe5 51. Qxe5+ Kh7 52. Qh5+ Kg7 53. Rd6 Rxf2 54. Qh6+ Kg8 55. Rg6+ Kf7 56. Rg7+ Ke8 57. Qe6+ {[%mdl 64] Double Attack} Kf8 58. Rg8#) (48... Qg6 $1 $11) 49. Rd5 $1 $16 {[%cal Rd5h5] aiming for Rh5+.} Bb7 $4 {[%mdl 8192]} (49... Qf6 $16) 50. Rh5+ {White mates.} Kg8 51. Qd8+ Rf8 52. Qg5+ Kf7 53. Rh7+ {What a bad dream for Black. Accuracy: White = 60%, Black = 54%.} 1-0

[Event "Chinese-ch Women 2020"]
[Site "Xinghua"]
[Date "2020.12.22"]
[Round "4.3"]
[White "Xiao, Yiyi"]
[Black "Li, Xueyi"]
[Result "1/2-1/2"]
[WhiteElo "2301"]
[BlackElo "2328"]
[Annotator "TA"]
[PlyCount "95"]
[EventDate "2020.12.19"]
[EventType "tourn"]
[EventCountry "CHN"]
[SourceTitle "playchess.com"]
[Source "ChessBase"]
[SourceQuality "1"]

{[%evp 17,95,18,30,22,22,20,23,36,23,0,40,37,44,23,13,0,0,0,0,-10,-23,-24,-29,-44,-29,-52,-45,-48,-39,-42,15,14,20,0,63,8,34,22,8,0,0,0,0,0,0,0,0,0,0,-31,6,-9,101,0,0,0,0,0,7,8,6,6,6,6,8,-19,0,0,0,0,0,0,0,0,0,0,0,0,0,0]} 1. e4 c6 2. d4 d5 3. exd5 cxd5 4. c4 Nf6 5. Nc3 Nc6 {[%cal Bb8c6,Bc6e5,Be5d3][%mdl 32]} 6. Bg5 dxc4 7. d5 Ne5 8. Qd4 Nd3+ 9. Bxd3 cxd3 10. Qxd3 {B13: Caro-Kann: Exchange Variation and Panov-Botvinnik Attack.} g6 11. Nf3 Bg7 12. O-O {White has an edge.} O-O 13. Rfe1 Re8 {[#]} 14. h3 $146 ({Predecessor:} 14. Rad1 a6 15. Qc4 b5 16. Qc5 Bg4 17. Rd3 Rc8 18. Qd4 Rc4 19. Qe3 b4 20. Ne5 {0-1 (31) Volcko,R (1913)-Vrabel,M (2062) Slovakia 2015}) 14... Qb6 15. Qc4 Bf5 16. Re2 h6 17. Be3 Qa5 18. Qc5 Qa6 {Strongly threatening ...Nd7.} 19. Nd4 Rac8 20. Qb5 Qxb5 21. Ndxb5 a6 22. Nd4 Bd3 23. Rd2 Be4 (23... Bc4 $1 $15) 24. Nb3 $11 Bf5 25. f3 Red8 ({Black should play} 25... Nd7 $11) 26. Rad1 (26. Bb6 $14) 26... g5 27. g4 Bg6 28. Bb6 Rd7 29. a4 Rd6 30. Bc5 Rd7 31. Bb6 Rd6 32. Bc5 Rd7 33. Kg2 Rdc7 34. Bd4 (34. d6 {is more complex.} exd6 35. Bxd6 Rd7 36. Bc5 Rcc7 37. Bb6) 34... Nd7 {[#]} (34... Ne8 $11) 35. Re1 ({White has to play} 35. d6 $1 $16 {[%cal Rd6c7][%mdl 512]} exd6 36. Nd5) 35... Bxd4 {The position is equal.} 36. Rxd4 Nb6 37. Na5 Kf8 38. d6 exd6 39. Rxd6 Nc4 40. Nxc4 Rxc4 41. Rd7 b5 42. axb5 axb5 43. Nxb5 Rc2+ 44. Kg3 Rxb2 {[#] Hoping for ...Rcc2.} 45. Nd4 Ra8 46. Re2 Rxe2 47. Nxe2 h5 48. gxh5 {Weighted Error Value: White=0.12/Black=0.14} 1/2-1/2

[Event "Chinese-ch Women 2020"]
[Site "Xinghua"]
[Date "2020.12.22"]
[Round "4.4"]
[White "Song, Yuxin"]
[Black "Hu, Yu A."]
[Result "1-0"]
[WhiteElo "2290"]
[BlackElo "2094"]
[Annotator "TA"]
[PlyCount "115"]
[EventDate "2020.12.19"]
[EventType "tourn"]
[EventCountry "CHN"]
[SourceTitle "playchess.com"]
[Source "ChessBase"]
[SourceQuality "1"]

{[%evp 12,115,29,16,8,10,12,14,21,22,25,19,34,31,31,31,32,38,52,29,42,20,34,21,33,18,47,43,40,31,24,23,30,13,29,13,74,74,74,74,75,71,93,83,87,83,82,81,82,81,90,79,77,45,53,53,129,134,140,133,231,218,231,199,232,208,224,218,373,365,360,327,343,312,414,392,412,412,1224,1197,694,334,319,245,1192,1137,29952,12850,12835,12250,5667,1592,12850,5595,29979,29980,29981,29982,29976,29973,29987,29987,29987,29988,29988,29989]} 1. e4 c5 2. Nf3 d6 3. Bb5+ Bd7 4. Bxd7+ Nxd7 5. O-O Ngf6 6. Qe2 e6 7. c4 Ne5 {B52: Sicilian: Moscow Variation with 3...Bd7.} 8. b3 Be7 9. Bb2 {[#]} Nc6 $146 {The position is equal.} ({Predecessor:} 9... Nfd7 10. Nxe5 dxe5 11. f4 exf4 12. Bxg7 Rg8 13. Bc3 Bd6 14. e5 Bc7 15. Na3 Qg5 {½-½ (36) Sergienko,S (2335)-Golubev,M (2461) Chess.com INT 2020}) 10. d4 cxd4 11. Nxd4 Nxd4 12. Bxd4 O-O 13. Rd1 Qc7 14. Nc3 a6 15. Rac1 Nd7 16. Qb2 (16. Rd3 {with more complications.} Rfd8 17. Rcd1 Rac8 18. Qd2 Ne5 19. Rg3) 16... Bf6 17. Bxf6 Nxf6 18. Rd3 Rfd8 19. Rcd1 Rd7 20. Qd2 Rad8 21. Rg3 Ne8 22. Kf1 Qc6 23. Qg5 Qc5 (23... Kf8 $11 {remains equal.}) 24. Qxc5 $1 $16 dxc5 25. Rxd7 Rxd7 {[%mdl 4096] Endgame KRN-KRN} 26. Ke2 f6 27. Rd3 Rc7 28. f4 Kf7 29. Ke3 Ke7 30. e5 Rc8 31. Ne4 f5 32. Nd6 (32. Nc3 {seems wilder.} Rc6 33. Na4 g6 34. Rd1 h6 35. h4) 32... Nxd6 33. Rxd6 $14 {KR-KR} Rd8 {White leaves nothing to chance now.} ({Black should play} 33... Rc6 $1 $14) 34. Rb6 $1 $16 Rd7 35. a3 Kf7 {[#]} (35... Rc7 $16 {was worth a try.} 36. g3 Kf7) 36. b4 $1 $18 cxb4 37. axb4 Re7 38. Kd4 Rd7+ 39. Kc3 h6 $2 (39... Re7 {keeps fighting.} 40. c5 Rc7) 40. c5 g5 {[#]} 41. g3 $1 gxf4 42. gxf4 Re7 43. c6 bxc6 44. Rxa6 Kg6 (44... Rc7 $142 45. Kc4 Ke7) 45. Rxc6 Kh5 46. Kb3 (46. b5 $142 Kg4 47. Rc4) 46... Kg4 47. Rc4 Kh3 $2 (47... Rb7 48. Ka4 h5) 48. Rc2 h5 49. b5 Kg4 50. Rf2 h4 51. Kb4 h3 52. b6 (52. Kc5 $142 Rd7 53. b6) 52... Kh4 53. Kc5 {White mates.} Rg7 54. Rb2 Rg2 55. Rb1 Rxh2 56. b7 Rc2+ 57. Kd6 Rd2+ 58. Ke7 {Weighted Error Value: White=0.12/Black=0.49} 1-0

[Event "Chinese-ch Women 2020"]
[Site "Xinghua"]
[Date "2020.12.22"]
[Round "4.5"]
[White "Ni, Shiqun"]
[Black "Yan, Tianqi"]
[Result "1/2-1/2"]
[WhiteElo "2389"]
[BlackElo "2207"]
[Annotator "TA"]
[PlyCount "63"]
[EventDate "2020.12.19"]
[EventType "tourn"]
[EventCountry "CHN"]
[SourceTitle "playchess.com"]
[Source "ChessBase"]
[SourceQuality "1"]

{[%evp 35,63,0,0,0,0,0,0,0,0,0,18,0,0,0,0,0,96,0,0,0,0,0,0,0,0,0,0,0,0,0]} 1. e4 e6 2. d4 d5 3. Nd2 {[%cal Bb1d2,Bd2b3,Bb3d4,Bd4f5][%mdl 32]} c5 4. exd5 Qxd5 5. Ngf3 cxd4 6. Bc4 Qd6 7. O-O Nf6 8. Nb3 Nc6 9. Nfxd4 Nxd4 10. Nxd4 a6 11. Re1 Qc7 12. Bb3 Bd6 13. Nf5 Bxh2+ 14. Kh1 O-O 15. Nxg7 Rd8 16. Qf3 Kxg7 17. Bh6+ Kg6 18. c3 Nh5 $1 ({Weaker is} 18... Kxh6 19. Qxf6+ Kh5 {[#]} 20. g4+ $1 {[%mdl 512]} Kxg4 21. Rg1+ $1 {[%mdl 512]} Bg3 22. Rxg3+ Qxg3 23. fxg3) 19. Bc1 {Threatening mate with Qg4+. C07: French Tarrasch: 3...c5, 4 Ngf3 and 4 exd5 Qxd5.} Bf4 {Hoping for ...Bxc1.} 20. g4 {[#]} Ng3+ $1 21. fxg3 Bxc1 22. Raxc1 Bd7 23. Kh2 {Black must now prevent Rf1.} Bc6 24. Qe3 h6 $1 25. Rf1 {[#]} Kg7 $146 (25... Rd7 $11 {keeps the balance.}) ({Predecessor:} 25... Rd7 26. Rf4 Rad8 27. Rcf1 Rd2+ 28. R1f2 Rxf2+ 29. Rxf2 Qe7 30. Qe5 f6 31. Qxe6 Qxe6 32. Bxe6 {½-½ (59) Siigur,J (2488)-Turkov,V (2496) ICCF email 2006}) 26. Rce1 ({Better is} 26. g5 $16) 26... Rd7 $11 {The position is equal.} 27. Rf6 {[%mdl 64] Decoy} Kxf6 28. Qxh6+ Ke7 {[#]} 29. Rxe6+ $1 {[%mdl 512]} fxe6 30. Qxe6+ Kd8 {( -> ...Rd2+)} 31. Qg8+ Ke7 32. Qe6+ {Weighted Error Value: White=0.13/Black=0.15} 1/2-1/2

[Event "Chinese-ch Women 2020"]
[Site "Xinghua"]
[Date "2020.12.22"]
[Round "4.6"]
[White "Zhai, Mo"]
[Black "Yuan, Ye"]
[Result "1/2-1/2"]
[WhiteElo "2366"]
[BlackElo "2081"]
[Annotator "TA"]
[PlyCount "96"]
[EventDate "2020.12.19"]
[EventType "tourn"]
[EventCountry "CHN"]
[SourceTitle "playchess.com"]
[Source "ChessBase"]
[SourceQuality "1"]

{[%evp 9,96,13,23,16,29,18,51,41,41,35,72,31,100,41,39,37,37,30,36,38,38,39,45,22,37,44,37,0,54,55,107,75,119,71,80,78,79,69,74,60,72,62,62,56,60,58,58,67,58,50,50,50,50,50,45,49,60,52,60,50,52,40,46,40,63,40,47,47,52,45,65,31,31,31,31,31,31,31,31,31,31,31,31,31,31,31,31,31,31]} 1. Nf3 d5 2. g3 c6 3. Bg2 Nf6 4. O-O g6 5. d3 Bg7 6. Nbd2 {A07: Réti Opening: New York and Capablanca Systems.} Nbd7 7. e4 Qc7 8. Re1 dxe4 9. dxe4 e5 {[#]} 10. a4 $146 ({Predecessor:} 10. b3 O-O 11. Bb2 Rd8 12. Qe2 Ne8 13. Rad1 Nf8 14. Nc4 Rxd1 15. Rxd1 f6 16. a4 {½-½ (22) Vinke,D (2173)-Lahti,J (2046) Sibenik 2014}) 10... a5 ({Black should try} 10... O-O $14) 11. b3 (11. Nc4 $16) 11... O-O $14 12. Nc4 Rd8 $1 13. Qd6 Qxd6 14. Nxd6 Nc5 15. Ba3 $36 {[%mdl 2048] White has good play.} Rxd6 16. Bxc5 Rd8 17. Bb6 Re8 18. Rad1 Bg4 (18... Bf8 $11) 19. h3 Nd7 ({Black should play} 19... Bc8 $14) 20. Be3 ({But not} 20. hxg4 $6 Nxb6 21. g5 h5 $11) 20... Bxf3 21. Bxf3 Nf8 22. Be2 Bf6 23. Bc4 Bd8 24. Rd2 Bc7 $1 25. Red1 Rad8 {White is slightly better.} 26. Bg5 Rxd2 27. Rxd2 Kg7 28. Rd3 f6 29. Bc1 (29. Bd2 {seems wilder.} f5 30. Kg2 fxe4 31. Re3 Ne6 32. Rxe4 Nd4 33. c3) 29... Rd8 30. Rxd8 Bxd8 {[%mdl 4096] Endgame KBB-KBN} 31. Be3 Bc7 32. h4 b6 33. Kf1 Nd7 34. Ke2 Nc5 35. f3 Bd6 36. g4 h6 37. Kf2 g5 38. Kg3 Kf8 39. Be2 Bc7 40. hxg5 hxg5 41. Bxc5+ bxc5 {KB-KB} 42. Bc4 Ke7 43. Kf2 Kd7 44. Ke3 Bd6 45. Kd3 Kc7 46. Bf7 Be7 47. Kc4 Bd6 48. Be8 Be7 {Weighted Error Value: White=0.10/Black=0.10} 1/2-1/2

[Event "Chinese-ch Women 2020"]
[Site "Xinghua"]
[Date "2020.12.23"]
[Round "5"]
[White "Li, Xueyi"]
[Black "Song, Yuxin"]
[Result "0-1"]
[WhiteElo "2328"]
[BlackElo "2290"]
[Annotator "TA"]
[PlyCount "103"]
[EventDate "2020.12.19"]
[EventType "tourn"]
[EventCountry "CHN"]

{[%evp 18,103,-12,0,10,11,20,17,23,0,4,0,0,0,0,-15,-39,-51,-13,-47,0,-48,-39,-40,16,0,0,0,0,6,128,100,110,73,79,0,-13,-59,-39,-39,-39,-59,-19,-25,-16,-16,-14,-11,-28,-41,0,0,0,0,0,-7,0,0,0,0,0,0,23,0,65,-41,-40,-45,-40,-85,-100,-277,-269,-278,-275,-245,-139,-568,-538,-548,-535,-813,-810,-917,-912,-1657,-4133,-1233]} 1. d4 Nf6 2. c4 e6 3. g3 d5 4. Bg2 Bb4+ 5. Bd2 Be7 6. Nf3 O-O 7. O-O Nbd7 8. Bf4 c6 9. Nc3 dxc4 10. e4 a5 {E07: Closed Catalan: Main Line (5 Nf3 0-0 6 0-0 Nbd7).} 11. a4 b6 12. Qe2 Ba6 {The position is equal.} 13. Rfd1 Rc8 14. h4 h6 15. Bh3 {Black must now prevent d5.} Re8 16. Qc2 Bb4 17. Bg2 Kh8 18. Bh3 Kg8 19. g4 {[#]} Nf8 $146 ({Predecessor:} 19... b5 20. g5 Nh5 21. Be3 hxg5 22. Nxg5 g6 23. d5 cxd5 24. exd5 e5 25. Be6 Kg7 26. Nxf7 Qf6 27. Bh6+ Kh7 28. Ne4 {1-0 (25) Sulskis,S (2517)-Sveshnikov,V (2416) Vilnius 2017}) 20. g5 Nh5 (20... hxg5 $15 21. Bxg5 Qc7) 21. Be3 hxg5 22. Nxg5 Qc7 23. e5 {next Bg4 is good for White.} g6 (23... f5 $1 $11) 24. Nce4 $16 Be7 25. Qe2 c5 {[#]} 26. Qf3 (26. Bg4 $1 $16 {[%cal Rg4h5]} cxd4 27. Bxd4 (27. Rxd4 Ng7 $16)) 26... Bxg5 $11 27. hxg5 Bb7 28. Bg2 cxd4 29. Bxd4 Nd7 (29... Bxe4 $5 30. Qxe4 Nd7 $15) 30. Nf6+ $1 Nhxf6 31. Qxb7 Nd5 32. Bxd5 exd5 33. Qxd5 Qc6 (33... Nc5 {seems wilder.} 34. Qxc4 Qe7 35. Be3 Qxe5 36. Rac1 Qf5) 34. Qxc6 Rxc6 35. f4 Nc5 36. Bc3 Nd3 37. Rf1 Kf8 38. Kg2 Rc5 39. Kg3 Ra8 40. Rad1 b5 (40... Ke7 $11) 41. Rh1 (41. axb5 $1 $14 Rxb5 42. f5 Nxb2 43. Rd7) 41... Ke7 $15 42. axb5 Rxb5 {Hoping for ...Rb3.} 43. Rd2 a4 44. Ra1 $2 {[#]} (44. e6 $17 {is a better defense.} Kxe6 45. Kg4) 44... Rb3 $19 {And now ...a3 would win.} 45. Ra3 Rxa3 46. bxa3 {[%mdl 4096] Endgame KRB-KRN} Rb8 (46... Ke6 $19 47. Kf3 Rh8) 47. Kg4 $2 {[%mdl 8192] This move loses the game for White.} (47. Kf3 $17 {nothing else works.}) 47... Ke6 {Black is clearly winning.} 48. Bd4 Rb3 49. Rh2 Kd5 50. Ba7 c3 51. Rh8 c2 52. Rd8+ {Weighted Error Value: White=0.60/Black=0.18} 0-1

[Event "Chinese-ch Women 2020"]
[Site "Xinghua"]
[Date "2020.12.23"]
[Round "5"]
[White "Ning, Kaiyu"]
[Black "Xiao, Yiyi"]
[Result "0-1"]
[WhiteElo "2327"]
[BlackElo "2301"]
[Annotator "TA"]
[PlyCount "120"]
[EventDate "2020.12.19"]
[EventType "tourn"]
[EventCountry "CHN"]
[SourceTitle "playchess.com"]
[Source "ChessBase"]
[SourceQuality "1"]

{[%evp 13,120,13,18,24,11,15,12,13,12,9,40,34,41,32,24,26,36,-85,-94,-158,-147,-166,-73,-102,-70,-75,-80,-79,-81,-138,-110,-180,-194,-183,-136,-137,-116,-151,-154,-158,-140,-160,-192,-164,-158,-179,-190,-434,-429,-588,-591,-576,-596,-593,-597,-597,-595,-591,-588,-573,-560,-583,-577,-582,-578,-572,-514,-575,-578,-576,-541,-593,-581,-628,-606,-770,-762,-766,-762,-337,-757,-747,-715,-675,0,-737,-649,-754,-722,-782,-809,-789,-757,-785,-617,-788,-785,-1420,-766,-1793,-1597,-6922,-4972,-29953,-29951,-29943,-12824,-29984,-29985]} 1. d4 Nf6 2. c4 e6 3. g3 d5 4. Bg2 Be7 5. Nf3 O-O 6. Nc3 dxc4 7. Ne5 Nc6 8. Bxc6 {E06: Closed Catalan: Early deviations.} bxc6 9. Nxc6 Qe8 10. Nxe7+ {The position is equal.} Qxe7 11. Qa4 Nd5 12. Qxc4 a5 13. Bd2 Ba6 14. Qc5 Qd7 {[#]} 15. O-O-O $146 (15. b3 $14 {keeps the upper hand.}) ({Predecessor:} 15. f3 Rfb8 16. Rb1 Rb6 17. Kf2 Rc6 18. Qa3 Nb6 19. Be3 Nc4 20. Qb3 Rb6 21. Qc2 {0-1 (35) Goryachkina,A (2592)-Dubov,D (2699) Sochi 2020}) 15... Nxc3 $17 16. Qxc3 ({Better is} 16. Bxc3 Bxe2 17. Rd2) 16... Bxe2 17. Rde1 {[#]} Qb5 (17... Qd5 $1 $19 {has better winning chances.} 18. Kb1 (18. b3 a4) 18... Bc4) 18. Qc5 {[#]} Qb7 $1 19. Rhg1 Bf3 $40 {[%mdl 128] Black goes for the king.} 20. Re3 Bd5 21. Ra3 (21. Kb1 $142) 21... Rfb8 22. Bc3 (22. Qc2 $17) 22... a4 $19 23. Qe7 Ra6 {Hoping for ...Rb6.} 24. Qg5 h6 25. Qd2 Be4 26. Re1 Bg6 27. g4 Rd8 28. Qe3 Qb5 29. f4 Rad6 30. Qe2 $2 (30. b4 {is a better defense.}) 30... Qc6 31. Rf1 {and the idea f5 leaves White hopeful.} Rxd4 32. f5 exf5 33. gxf5 {[#]} Bxf5 {[%mdl 512]} 34. Rxf5 Rd1+ {[%mdl 64] Decoy} 35. Qxd1 Rxd1+ 36. Kxd1 {And now Re5 would win.} Qd7+ {[%mdl 64] Double Attack} 37. Ke1 {aiming for Rf4.} Qxf5 38. Rxa4 {[%mdl 4096] Endgame KQ-KRB} Qb1+ 39. Kd2 Qh1 40. h4 Qg2+ 41. Kd3 g5 42. hxg5 hxg5 43. Rd4 g4 44. a4 Qf3+ 45. Kc4 g3 46. Rd8+ Kh7 47. Bd4 Qc6+ 48. Kd3 Qf3+ 49. Kc4 $1 Kg6 50. a5 Kf5 51. b4 Qc6+ 52. Bc5 Qa6+ 53. Kb3 f6 54. Rd1 Kg4 55. Rc1 f5 56. Ka4 c6 57. Kb3 Qd3+ 58. Rc3 Qb1+ 59. Kc4 f4 60. Bd4 f3 {Weighted Error Value: White=0.76/Black=0.19} 0-1

[Event "Chinese-ch Women 2020"]
[Site "Xinghua"]
[Date "2020.12.23"]
[Round "5"]
[White "Gu, Xiaobing"]
[Black "Tan, Zhongyi"]
[Result "0-1"]
[WhiteElo "2263"]
[BlackElo "2510"]
[Annotator "TA"]
[PlyCount "42"]
[EventDate "2020.12.19"]
[EventType "tourn"]
[EventCountry "CHN"]
[SourceTitle "playchess.com"]
[Source "ChessBase"]
[SourceQuality "1"]

{[%evp 9,42,-10,0,-2,16,-3,7,-112,-93,-125,-125,-146,-101,-271,-198,-218,-159,-260,-220,-336,-277,-599,-598,-603,-560,-1089,-794,-2012,-1973,-1795,-1479,-1467,-1417,-929,-658]} 1. e4 e5 2. f4 exf4 3. Bc4 d5 4. Bxd5 Nf6 5. Nc3 Nxd5 6. Nxd5 {C33: King's Gambit Accepted: 3 Nc3 and 3 Bc4.} g5 {was the old line (6...Bd6).} 7. d3 {[#]} Be6 $146 ({Predecessor:} 7... c6 8. Nc3 Be6 9. h4 Rg8 10. hxg5 Qxg5 11. Qf3 Qxg2 12. Qxg2 Rxg2 13. Nce2 f3 14. Nxf3 {1-0 (38) Grabarczyk,B (2460)-Ulak,S (2390) Poraj 1997}) 8. Nc3 (8. h4 $11) 8... Nc6 $17 {[#]} 9. h4 $1 {[%mdl 512]} Rg8 (9... gxh4 10. Bxf4) 10. Nge2 Bc5 $36 {[%mdl 2048] Black is really pushing.} 11. Na4 $2 (11. hxg5 $17 Qxg5 12. Bxf4 Qxg2 13. Rh2) 11... Bb4+ 12. Bd2 Qe7 13. c3 (13. hxg5 $17 Qxg5 14. Bxb4 Nxb4 15. Qd2 {[%mdl 64] Double Attack}) 13... Bd6 $19 14. d4 (14. Nd4 {might work better.}) 14... Bg4 15. e5 $2 {[#]} (15. Qc2 {is a better chance.}) 15... Bxe5 $1 {[%mdl 512] Black is clearly winning.} 16. dxe5 Nxe5 {[%cal Bc6e5,Be5d3,Bd3f4][%mdl 32] aiming for ...0-0-0.} 17. hxg5 O-O-O 18. Rh4 Qxg5 19. Rxg4 Nd3+ 20. Kf1 Qxg4 {[%csl Gg8][%cal Rg4g2]} 21. Nxf4 Nxf4 {White got outplayed after the opening. Accuracy: White = 26%, Black = 79%.} 0-1

[Event "Chinese-ch Women 2020"]
[Site "Xinghua"]
[Date "2020.12.23"]
[Round "5"]
[White "Yan, Tianqi"]
[Black "Zhai, Mo"]
[Result "0-1"]
[WhiteElo "2207"]
[BlackElo "2366"]
[Annotator "TA"]
[PlyCount "118"]
[EventDate "2020.12.19"]
[EventType "tourn"]
[EventCountry "CHN"]
[SourceTitle "playchess.com"]
[Source "ChessBase"]
[SourceQuality "1"]

{[%evp 21,118,50,55,61,66,45,40,13,29,0,0,0,0,0,0,-4,0,-19,-21,-29,-17,-21,-17,-16,-17,-12,-13,-16,-9,-28,-6,-41,-47,-36,-44,-50,-18,-16,-12,-13,-15,-38,-8,-9,-9,-35,-37,-49,-35,-66,-7,-72,-8,-8,-8,-8,0,0,0,0,0,-8,-8,-29,-16,-268,-179,-338,-328,-250,-212,-1712,-1777,-1830,-1769,-1754,-1692,-1596,-1468,-29973,-29974,-29971,-29972,-29975,-29976,-29976,-29977,-29979,-29980,-29980,-29981,-29981,-29982,-29982,-29983,-29983,-29982,-29982,-29983]} 1. e4 e6 2. d4 d5 3. Nc3 dxe4 4. Nxe4 Bd7 5. Nf3 Bc6 6. Bd3 Nd7 7. O-O Ngf6 8. Ng3 Be7 9. Re1 Bxf3 10. Qxf3 c6 11. c3 O-O 12. Bc2 {C10: French with 3 Nc3: Unusual Black 3rd moves and 3...dxe4.} Re8 13. Bg5 Qb6 {[#]} 14. Qd3 $146 {White is slightly better.} ({Predecessor:} 14. b4 Rad8 15. Re2 Qb5 16. h4 Nd5 17. Rae1 N7f6 18. a3 Qc4 19. Bxf6 Bxf6 20. Ne4 Bxh4 {1-0 (28) Bulmaga,I (2149)-Manelidou,M (1885) Chalkidiki 2007}) 14... Rad8 15. Nh5 g6 16. Nxf6+ Bxf6 17. Bxf6 Nxf6 18. Rab1 Kg7 19. Qg3 c5 20. dxc5 Qxc5 21. Rbd1 Qc4 22. Rxd8 Rxd8 23. Bb3 {[%cal Rb3c4]} Qc5 {Threatening ...Rd2.} 24. Qf4 h6 25. h3 g5 26. Qc1 Nh5 27. Rd1 {[#]} Nf4 $1 28. Qe3 Rxd1+ (28... Qc6 {is interesting.} 29. f3 Rxd1+ 30. Bxd1 Qd6 31. Be2 b6) 29. Bxd1 Qxe3 30. fxe3 $15 {[%mdl 4096] Endgame KB-KN} Nd3 31. b3 Kf6 32. Kf1 Ke5 33. Bc2 Nc5 34. Ke2 f5 35. b4 Nd7 (35... Ne4 $15 36. Bxe4 Kxe4) 36. a4 (36. c4 $11 {remains equal.}) 36... h5 ({Black should try} 36... b6 $17) 37. a5 $11 h4 38. c4 g4 39. Ba4 Nf6 40. Bc2 Ne8 41. Bb1 Nc7 42. b5 Kd6 43. Kd3 $2 {[%mdl 8192] [#] This move loses the game for White.} (43. e4 $1 $11) 43... Kc5 44. Kc3 $2 (44. b6 axb6 45. axb6) 44... Ne8 $19 45. Bd3 Nd6 46. hxg4 $2 (46. Kb3) 46... fxg4 47. Be2 h3 48. gxh3 gxh3 49. Bf3 b6 50. axb6 axb6 {Black mates.} 51. Kd3 Nxc4 52. Ke2 Kxb5 53. Kf2 Kc5 54. Be4 b5 {[%cal Bb6b5,Bb5b4][%mdl 32]} 55. Bc2 b4 56. Kg3 Nxe3 57. Bb3 e5 58. Kxh3 Kd4 59. Kg3 Nf1+ {Weighted Error Value: White=0.49/Black=0.11} 0-1